Black holes (Record no. 12136)

MARC details
000 -LEADER
fixed length control field 00594nam a2200193Ia 4500
003 - CONTROL NUMBER IDENTIFIER
control field IN-BaIIA
008 - FIXED-LENGTH DATA ELEMENTS--GENERAL INFORMATION
fixed length control field 211028s9999 xx 000 0 eng d
020 ## - INTERNATIONAL STANDARD BOOK NUMBER
International Standard Book Number 0-19-851479-4
040 ## - CATALOGING SOURCE
Transcribing agency IIA Library
080 ## - UNIVERSAL DECIMAL CLASSIFICATION NUMBER
Universal Decimal Classification number 524.882
Item number DEA
100 ## - MAIN ENTRY--PERSONAL NAME
Personal name D'eath, P. D.
9 (RLIN) 20974
245 #0 - TITLE STATEMENT
Title Black holes
Remainder of title gravitational interactions
Statement of responsibility, etc. P. D. D'eath
260 ## - PUBLICATION, DISTRIBUTION, ETC.
Place of publication, distribution, etc. Oxford
Name of publisher, distributor, etc. Clarendon Press
Date of publication, distribution, etc. 1996
300 ## - PHYSICAL DESCRIPTION
Extent xii, 286p.
490 ## - SERIES STATEMENT
Series statement Oxford mathematical monographs
650 ## - SUBJECT ADDED ENTRY--TOPICAL TERM
Topical term or geographic name entry element Blackholes
9 (RLIN) 21168
650 ## - SUBJECT ADDED ENTRY--TOPICAL TERM
Topical term or geographic name entry element Gravitational interactions
9 (RLIN) 9439
942 ## - ADDED ENTRY ELEMENTS (KOHA)
Koha item type Books
Holdings
Withdrawn status Lost status Damaged status Not for loan Home library Current library Shelving location Date acquired Cost, normal purchase price Total Checkouts Full call number Barcode Date last seen Cost, replacement price Price effective from Koha item type Purchase Price
        IIA Library-Bangalore IIA Library-Bangalore General Stacks 08/07/1997 2646.00   524.882/ DEA 13052 05/11/2021 2646.00 08/07/1997 Books Rs. 2646.00

Powered by Koha